000 00500nam a2200157 a 4500
001 000027913
005 20200930031209.0
008 110405s1986 dr 000 0 spa d
040 _aDO-SdBNP
_bspa
_cBNPHU
100 1 _aRamón Reyes Lugo
_954976
245 1 0 _aGuía del curso de contabilidad /.
260 _aLa Romana, República Dominicana :
_bInstituto Dominicano de Administración de Negocios,
_c[1986].
300 _a[s. p. ] ;
_c22 cm.
700 1 _aReyes Lugo, Ramón
_954977
049 _aBNPD
999 _c27405
_d27405